<?xml version="1.0" encoding="UTF-8"?>
<collection xmlns="http://www.loc.gov/MARC21/slim">
 <record>
  <leader>01027nam a2200181   4500</leader>
  <controlfield tag="001">1/28424</controlfield>
  <controlfield tag="008">050920s2003    lu a         n000 0 mul  </controlfield>
  <datafield tag="020" ind1=" " ind2=" ">
   <subfield code="a">9289453680</subfield>
  </datafield>
  <datafield tag="035" ind1=" " ind2=" ">
   <subfield code="l">30328</subfield>
  </datafield>
  <datafield tag="082" ind1="0" ind2="0">
   <subfield code="a">KET 639.22 '1638 MID</subfield>
  </datafield>
  <datafield tag="245" ind1="0" ind2="0">
   <subfield code="a">Middelhavets fisk:</subfield>
   <subfield code="b">en lille ordbog= Ψάρια της Μεσογείου: μικρό γλωσσάριο/</subfield>
   <subfield code="c">European Commission</subfield>
  </datafield>
  <datafield tag="260" ind1=" " ind2=" ">
   <subfield code="a">Luxembourg:</subfield>
   <subfield code="b">Office for Official Publications of the European Communities,</subfield>
   <subfield code="c">2003</subfield>
  </datafield>
  <datafield tag="300" ind1=" " ind2=" ">
   <subfield code="a">42 σ.:</subfield>
   <subfield code="b">έγχρ. εικ.;</subfield>
   <subfield code="c">21 εκ.</subfield>
  </datafield>
  <datafield tag="500" ind1=" " ind2=" ">
   <subfield code="a">Πολύγλωσσο. Κείμενο σε δανικά, γερμανικά, ελληνικά, αγγλικά, ισπανικά, φινλανδικά, γαλλικά, ιταλικά, ολλανδικά, πορτογαλικά και σουηδικά</subfield>
  </datafield>
  <datafield tag="650" ind1=" " ind2="4">
   <subfield code="a">Fish populations</subfield>
   <subfield code="x">Mediterranean Sea.</subfield>
  </datafield>
  <datafield tag="650" ind1=" " ind2="4">
   <subfield code="a">Fisheries</subfield>
   <subfield code="z">Mediterranean Sea</subfield>
   <subfield code="x">Statistics.</subfield>
  </datafield>
  <datafield tag="710" ind1="2" ind2=" ">
   <subfield code="a">European Commission.</subfield>
  </datafield>
  <datafield tag="852" ind1=" " ind2=" ">
   <subfield code="a">INST</subfield>
   <subfield code="b">UNIPILB</subfield>
   <subfield code="c">KET</subfield>
   <subfield code="e">20050920</subfield>
   <subfield code="h">KET 639.22 '1638 MID</subfield>
   <subfield code="p">00145376</subfield>
   <subfield code="q">00145376</subfield>
   <subfield code="t">LOAN</subfield>
   <subfield code="y">0</subfield>
   <subfield code="4">1</subfield>
  </datafield>
 </record>
</collection>
